01019nam a2200277 a 450000100060000000300080000600500170001400800410003102000150007203500190008704000260010604100080013208200220014010000250016224500570018725000120024426000500025630000230030650400500032965000230037965000290040294200120043199900170044395201390046095201420059954600BD-RjUL20211209080137.0161108s1989 e ||||| |||| 00| 0 eng d a0333365461 a(BD-RjUL)54722 aBD-RjULbengcBD-RjUL aeng 223a657bPEH 19891 aPearcy, Jeff916285210aHow to account for foreign currencies /cJeff Pearcy a1st ed. aLondon : bMacmillan, c1984 [ Reprint 1989]. ax, 264 p. ;b21 cm aIncludes Bibliographical References and Index aAccounting9162853 aForeign exchange9162854 2ddccBK c54600d54600 00102ddc40708NFICaRUCLbRUCLcStackd1991-09-26eAbacus London.g45.00l0o657 PEH 1989r2016-11-08 00:00:00tC-2w2016-11-08yBK 00102ddc40718NFICaRUCLbRUCLcReadingd1991-09-26eAbacus, London.g45.00l0o657 PEH 1989r2017-01-15 00:00:00tC-1w2017-01-15yBK